000 01404nam a22002297a 4500
999 _c58653
_d58653
003 Ge_BSU
005 20220623110703.0
008 220623s2020 ge ||||| |||| 00| 0 geo d
020 _a9789941305832
041 _ageo
080 _a008(38)+ 930.85 გ-70
100 _aგორდეზიანი, რისმაგ
_93462
245 _aბერძნული ცივილიზაცია :
_bტომი 3, ელინისტური ეპოქიდან გვიანანტიკურობამდე /
_cრისმაგ გორდეზიანი ; რედაქტორი მარიამ გოჩიტაშვილი ; ყდისა და შიგთავსის დიზაინერი ია გაბუნია.
264 _aთბილისი :
_b ბაკურ სულაკაურის გამომცემლობა,
_c2020.
300 _a296 გვ. :
_bილ. ;
_c23 სმ.
500 _aილუსტრაციები: გვ. 233-295.
504 _aბიბლიოგრაფია: გვ. 230-231.
653 _aბერძნული ცივილიზაცია.
700 _aგოჩიტაშვილი, მარიამ
_eრედაქტორი
_914199
700 _aგაბუნია, ია
_eყდის დიზაინერი
_914200
942 _2udc
_cBK